Strategic Management (Record no. 3247)

MARC details
000 -LEADER
fixed length control field 00390nam a22001697a 4500
005 - DATE AND TIME OF LATEST TRANSACTION
control field 20180820154356.0
008 - FIXED-LENGTH DATA ELEMENTS--GENERAL INFORMATION
fixed length control field 160620b xxu||||| |||| 00| 0 eng d
020 ## - INTERNATIONAL STANDARD BOOK NUMBER
ISBN 0-201-53740-0
041 ## - LANGUAGE CODE
Language code of text/sound track or separate title eng
082 ## - DEWEY DECIMAL CLASSIFICATION NUMBER
Item number 8481
Classification number 658.4012
100 ## - MAIN ENTRY--AUTHOR NAME
Personal name David, Fred R.
245 ## - TITLE STATEMENT
Title Strategic Management
260 ## - PUBLICATION, DISTRIBUTION, ETC. (IMPRINT)
Name of publisher PHI
Place of publication delhi
300 ## - PHYSICAL DESCRIPTION
Number of Pages 325p,
650 ## - SUBJECT ADDED ENTRY--TOPICAL TERM
Topical Term Management
942 ## - ADDED ENTRY ELEMENTS (KOHA)
Koha item type Books
Holdings
Lost status Damaged status Collection code Home library Current library Shelving location Date acquired Source of acquisition Cost, normal purchase price Full call number Accession Number Koha item type
    MANAGEMENT JRU Library JRU Library SHELF-64-N 20/06/2016 PURCHASE 550.00 658.4012 8481 Books
    MANAGEMENT JRU Library JRU Library SHELF-64-N 20/06/2016 PURCHASE 550.00 658.4012 8482 Books
    MANAGEMENT JRU Library JRU Library SHELF-64-N 20/06/2016   550.00 658.4012 8483 Books
    MANAGEMENT JRU Library JRU Library SHELF-64-N 20/06/2016   550.00 658.4012 8484 Books